Vertibrates:\\ (Record no. 1199)
[ view plain ]
| 000 -LEADER | |
|---|---|
| fixed length control field | 00597nam a2200217 a 4500 |
| 001 - CONTROL NUMBER | |
| control field | 001199 |
| 003 - CONTROL NUMBER IDENTIFIER | |
| control field | BD-ChCU |
| 005 - DATE AND TIME OF LATEST TRANSACTION | |
| control field | 20230204155926.0 |
| 008 - FIXED-LENGTH DATA ELEMENTS--GENERAL INFORMATION | |
| fixed length control field | 2006 a ii b 5 eng |
| 020 ## - INTERNATIONAL STANDARD BOOK NUMBER | |
| International Standard Book Number | 9780070607507 |
| 040 ## - CATALOGING SOURCE | |
| Original cataloging agency | DLC |
| Transcribing agency | DLC |
| Modifying agency | BD-ChCU |
| 082 00 - DEWEY DECIMAL CLASSIFICATION NUMBER | |
| Classification number | 571.316/K18v |
| 100 1# - MAIN ENTRY--PERSONAL NAME | |
| Personal name | Kardong,Kenneth.\\ |
| 245 00 - TITLE STATEMENT | |
| Title | Vertibrates:\\ |
| Remainder of title | Comparative anatomy,function,evolution.\\ |
| Statement of responsibility, etc. | Kenneth Kardong |
| 250 ## - EDITION STATEMENT | |
| Edition statement | 4th ed. |
| 260 ## - PUBLICATION, DISTRIBUTION, ETC. | |
| Place of publication, distribution, etc. | New Delhi |
| Name of publisher, distributor, etc. | Tata McGraw Hill |
| Date of publication, distribution, etc. | 2006 |
| 300 ## - PHYSICAL DESCRIPTION | |
| Extent | 782p. |
| 504 ## - BIBLIOGRAPHY, ETC. NOTE | |
| Bibliography, etc. note | Includes index(757-782),Glossary(738-751) . |
| 650 #0 - SUBJECT ADDED ENTRY--TOPICAL TERM | |
| Topical term or geographic name entry element | Vertibrates. |
| 942 ## - ADDED ENTRY ELEMENTS (KOHA) | |
| Source of classification or shelving scheme | Dewey Decimal Classification |
| Koha item type | Books |
| Withdrawn status | Lost status | Source of classification or shelving scheme | Damaged status | Not for loan | Home library | Current library | Shelving location | Date acquired | Source of acquisition | Total Checkouts | Full call number | Barcode | Date last seen | Copy number | Price effective from | Koha item type |
|---|---|---|---|---|---|---|---|---|---|---|---|---|---|---|---|---|
| Dewey Decimal Classification | Chittagong University Library | Chittagong University Library | General Stacks | 02/12/2015 | purchased | 571.316/K18v | 234974 | 02/12/2015 | 1 | 02/12/2015 | Books | |||||
| Dewey Decimal Classification | Chittagong University Library | Chittagong University Library | Staff Office | 02/12/2015 | purchased | 571.316/K18v | 234975 | 02/12/2015 | 2 | 02/12/2015 | Books | |||||
| Dewey Decimal Classification | Chittagong University Library | Chittagong University Library | Staff Office | 02/12/2015 | purchased | 571.316/K18v | 300526 | 02/12/2015 | 5 | 02/12/2015 | Books |